The Use of Artificial Intelligence Tools in Cost Management Trough Cost Controlling

Salvato in:
Dettagli Bibliografici
Autore principale: Tóth, Miroslav, 1961-
Natura: Capitolo di libro
Lingua:inglese
Soggetti:
Tags: Aggiungi Tag
Nessun Tag, puoi essere il primo ad aggiungerne!!

MARC

LEADER 00000naa$a2200000$$$4500
001 0314414
005 20260126080234.8
041 0 |a eng 
044 |a SK 
245 1 0 |a The Use of Artificial Intelligence Tools in Cost Management Trough Cost Controlling  |c Miroslav Tóth 
610 2 0 |a ekonómia 
610 2 0 |a manažment 
610 2 0 |a podnikanie 
610 2 0 |a digitalizácia 
610 2 0 |a financie 
100 1 |a Tóth, Miroslav, 1961-